Quizzes
Events
Quiz Creation
Community
Videos
Private Events
Remove Ads
Sign In
Join for FREE
Feedback
Dark Mode
Quiz Categories
Sports
Geography
Music
Movies
Television
Just For Fun
Miscellaneous
History
Literature
Language
Science
Gaming
Entertainment
Religion
Holiday
For Kids
Quiz Lab
Recent
Popular Today
Quiz Kudos Today
Editor Picks
Curator Picks
Quizzes by...
Day
Popularity
Type
Ratings
Length
Year
Community
Subscriptions
Recent Discussions
Orange Saloon
Badges
Playlists
Quests
Create
Leaderboards
Showdown
Live 5
Trivia Bingo
Activity
Puzzle Library
Sporcle Events
Private Events
Virtual Trivia
Globe League
Become a Host
Pub Owners
SporcleCon
Opinionation
Our Games
Videos
Blog
Mobile Apps
Partnerships
Remove Ads and Go Orange
Feedback
Literature
Harry Potter
A Song of Ice and Fire
The Hunger Games
Literary Character
Shakespeare
Book
Author
Novel
Poem
Young Adult
Children's Books
Play
Lord of the Rings
Literature
Harry Potter
A Song of Ice and Fire
The Hunger Games
Literary Character
Shakespeare
Book
Author
Novel
Poem
Young Adult
Children's Books
Play
Lord of the Rings
Random Quiz
Search Sporcle
×
Quiz Lab
Quiz Lab
Literature
Harry Potter
Type in answers that appear in a list
Type in answers that appear in a list
Classic
Best Score? Go Orange.
Character by Last Line in Harry Potter 5 Stats
Can you name the character by their last line in 'Harry Potter and the Order of the Phoenix'?
By
Quarks
10m
36 Questions
817 Plays
817 Plays
817 Plays
Comments
Comments
Give Quiz Kudos
Give Quiz Kudos
-
- Ratings
hide this ad
Forced Order
Answers have to be entered in order
Answers have to be entered in order
Random Order
Randomize order of answers
Randomize order of answers
Replay
Link that replays current quiz
Next Quiz
Link to next quiz in quiz playlist
You Got
0%
They Got
Avg Score
58%
Avg Friend Score
Upgrade to see
Score Distribution
Jump to the score distribution portion of the page
Score
0/36
Timer
10:00
0
Plays Today
Last Line
Character
% Correct
Master will not come back from the Department of Mysteries! Kreacher and his mistress are alone again!
Kreacher
86.4%
Special discounts to Hogwarts students who swear they're going to use our products to get rid of this old bat.
George Weasley
86%
Oh... all righ' then, Harry... take care o' yerself then, an' drop back in if yeh've got a mo...
Rubeus Hagrid
85.6%
You may, perhaps, have wondered why I never chose you as a prefect? I must confess... that I rather thought... you had enough responsibility to be going on with.
Professor Dumbledore
85.6%
Finest dragonskin, little bro'. Business is booming and we thought we'd treat ourselves.
Fred Weasley
84.6%
Well, I've chosen Dean Thomas, would you say he's better?
Ginny Weasley
84.6%
We'll see you soon, mate.
Ron Weasley
83.8%
The prophecy, give me the prophecy, Potter!
Lucius Malfoy
83.7%
No, I think I'll just go down and have some pudding and wait for it all to turn up... it always does in the end... well, have a nice holiday, Harry.
Luna Lovegood
83.4%
If death is nothing, Dumbledore, kill the boy...
Voldemort
82.5%
Yes, even if you won't let Harry use the felly-
tone -
Arthur Weasley
81.2%
The Dementors have left Azkaban. Dad and the others'll be out in no time...
Draco Malfoy
79.7%
Really soon, Harry. We promise.
Hermione Granger
78.2%
Well, Potter, Malfoy, I think you ought to be outside on a glorious day like this.
Professor McGonagall
74.9%
Harry, we'll have you away from there as soon as we can.
Molly Weasley
74.5%
MASTER!
Bellatrix Lestrange
69.2%
Anyway, that's not the point. The point is, if we find out you've been horrible to Harry -
Nymphadora Tonks
68.2%
Come on, you can do better than that!
Sirius Black
64.9%
Last Line
Character
% Correct
And do I look like the kind of man who can be intimidated?
Vernon Dursley
61.2%
I am sorry not to have been more help. Well... well do excuse me... the feast, you know...
Nearly Headless Nick
60.1%
Take care, Harry. Keep in touch.
Remus Lupin
58.1%
Professor Tofty is free, Potter.
Professor Flitwick
52.5%
Bye, then, Potter.
Mad-Eye Moody
49.8%
Get away from here, giant! You are not welcome among us!
Magorian
46.8%
I just hope Professor McGonagall's all right.
Lavender Brown
43.6%
Accio proph-
Antonin Dolohov
37.3%
I must say, I'm looking forward to seeing Malfoy's mother's face when he gets off the train.
Ernie Macmillan
36.7%
No... no... No, I must have been dreaming...
Professor Umbridge
36.5%
Go and cope with it then!
Cho Chang
32.2%
I dunno if that's a good idea.
Harry Potter
28.5%
Anything wrong, Professor?
Madam Pomfrey
26.6%
What? Oh -
well -
I suppose...
Professor Snape
23.7%
And she thought Hagrid was putting Nifflers in her office.
Katie Bell
23.6%
Yes, everything's settled right back to normal.
Neville Longbottom
22.5%
I -
you -
Cornelius Fudge
21.5%
I don't believe it.
Phineas Nigellus Black
10.3%
Quiz Playlist
Details
Report
Send in Message
Add To Playlist
Classic:
Type in answers that appear in a list
Forced Order:
Answers have to be entered in order
Random Order:
Randomize order of answers
Last Updated: Feb 16, 2017
Quiz Scoreboard
CHALLENGE
Sign Up to Join the Scoreboard
Show All
Scores
Hide
Comments
May contain spoilers
Recently Published
Alphabetical 'K' Countries by Flag Minefield
by ylime102
Geography
3m
Pick 6: Fruits
by JohnFran
Miscellaneous
15s
Click the 1999 NBA Draft
by nibperrychub
Sports
2m
More to Explore
Quiz From the Vault
Featured Blog Post
15 Basketball Trivia Facts You Can Be March Mad About
hide this ad
You Might Also Like...
Tags
Harry Potter Quiz
Character
last
Order
Phoenix
Today's Top Quizzes in Literature
Browse Literature
hide this ad
Today's Top Quizzes in Harry Potter
Browse Harry Potter
Top Contributed Quizzes in Literature
1
4-to-1 Blitz: Harry Potter
2
Jane Eyre Character Quotes
3
Harry Potter Logic Quiz New
4
Percy Jackson Logic Puzzle (Hard!)
5
Pick 3: Harry Potter Hogwarts Quidditch Players
6
Keeper of the Lost Cities Logic Puzzle
7
Word Ladder: King's 'The Stand'
8
Cosmere Minesweeper
9
Literature Acrostic Puzzle
10
Pick 3: Dumbledore's Army
Explore More
Trending Topics
Crossword
NBA
Anime
Harry Potter
Kpop
Disney
Marvel
Puzzle
Country
Song
WWE
NFL
Pokémon
Soccer
The Office
hide this ad
More By:
Quarks
Quiz
Plays
Rating
Category
Featured
Created
'Buffy the Vampire Slayer' Episodes (Clickable)
10,456
4.29
Television
Mar 31, 2012
'Lost' Characters and Actors (Clickable)
2,423
4.65
Television
Mar 31, 2012
Character by Last Line in Harry Potter 1
2,239
4.65
Literature
Aug 27, 2011
Character by Last Line in Harry Potter 4
1,141
4.82
Literature
Sep 21, 2011
Character by Last Line in Harry Potter 5
817
5.00
Literature
Sep 27, 2011
Go to Creator's Profile
Score Distribution
Quiz Creator Spotlight
Quarks
Follow
Send a Message
Quizzes Created
-
Created Quiz Play Count
-
More By This Creator
Popular Quizzes Today
1
Find the US States - No Outlines Minefield
2
Countries of Asia Without Outlines Minefield
3
Pick 6: Fruits
4
Alphabetical 'K' Countries by Flag Minefield
5
The Countries of the World
6
Click the 1999 NBA Draft
7
Find the US States
8
Match the Book to the Film X
More Literature Quizzes
Anyone but John Dawlish
Quiz Lab
Trending Quizzes
Pick 6: Harry Potter
Pick 6: Mountains
Pick 6: NFL Teams
Pick 6: Golfers
Pick 6: Movie Franchises
Recently Updated
Women's Final Four Teams by Year
bhenderson79
Presidents Quartet II
eogle
Anything But Clue(do)
eogle
Anything But Oceanian Capitals
eogle
Anything But 7
eogle
Anything But Thing
eogle
Word Ladder: February 29
pecheneg
Song Title Questions
pecheneg
Women's NCAA Tournament #1 Seeds
pecheneg
Celebrity Mug Shots
pecheneg
Trending Topics
Kpop
Disney
Crossword
Anime
NBA
Marvel
Harry Potter
WWE
Soccer
Country
Pokémon
The Office
Song
NFL
Puzzle
Your Account Isn't Verified!
In order to create a playlist on Sporcle, you need to verify the email address you used during registration. Go to your
Sporcle Settings
to finish the process.
Report this User
Report this user for behavior that violates our
Community Guidelines
.
Details:
Send Report
Go to the Sporcle.com Mobile Site →
Comments